[Event "Saint-Lô Open-1400 Pro Evolution Echecs"]
[Site "?"]
[Date "2014.07.11"]
[Round "10.4"]
[White "Ben Fraj, Hamza"]
[Black "Zinzen, Mathieu"]
[Result "1-0"]
[WhiteElo "1180"]
[BlackElo "1210"]
[PlyCount "149"]
[SourceDate "2014.07.07"]

1. e4 e5 2. Nf3 Nc6 3. Bc4 Nf6 4. Nc3 Bb4 5. O-O O-O 6. d3 d6 7. Bg5 Be6 8. Bd5
Bg4 9. Bxc6 bxc6 10. Qe2 Rb8 11. Qe3 Bc5 12. Qe2 Rxb2 13. Na4 Rb5 14. Nxc5 Rxc5
15. Be3 Ra5 16. Bg5 Qe7 17. Qe3 Rb8 18. Rfb1 Rab5 19. Nd2 Rxb1+ 20. Rxb1 Rxb1+
21. Nxb1 h6 22. Bh4 g5 23. Bg3 c5 24. Nc3 a6 25. h4 Nh5 26. Nd5 Qd8 27. hxg5
hxg5 28. Kh2 Nxg3 29. Qxg3 Be6 30. Nc3 f6 31. a4 c6 32. Qe3 Qe7 33. f3 Qh7+ 34.
Kg1 Qh4 35. Qf2 Qxf2+ 36. Kxf2 d5 37. g4 d4 38. Ne2 c4 39. Ke1 cxd3 40. cxd3 a5
41. Nc1 c5 42. Kd2 Kf7 43. Kc2 Ke7 44. Nb3 Bxb3+ 45. Kxb3 Kd6 46. Kc4 Kc6 47.
Kb3 Kb6 48. Kc4 Kc6 49. Kb3 Kc7 50. Kc4 Kc6 51. Kb3 c4+ 52. Kxc4 Kb6 53. Kd5
Ka7 54. Ke6 Kb6 55. Kxf6 Kc5 56. Kxg5 Kb4 57. Kf5 Kxa4 58. g5 Kb3 59. g6 a4 60.
g7 Kb2 61. g8=Q a3 62. Qb8+ Ka1 63. Qb3 a2 64. Qd1+ Kb2 65. Kxe5 a1=Q 66. Qxa1+
Kxa1 67. Kxd4 Kb2 68. e5 Kc2 69. e6 Kd2 70. e7 Kc2 71. e8=Q Kd2 72. Qe3+ Kd1
73. Kc4 Kc2 74. Qe2+ Kb1 75. Kb3 1-0

[Event "Saint-Lô Open-1400 Pro Evolution Echecs"]
[Site "?"]
[Date "2014.07.11"]
[Round "10.5"]
[White "Pionnier, Axel"]
[Black "Oudoire, Gatien"]
[Result "1-0"]
[WhiteElo "1270"]
[BlackElo "1210"]
[PlyCount "103"]
[SourceDate "2014.07.07"]

1. e4 d6 2. d4 Nf6 3. Nc3 Nbd7 4. Nf3 e5 5. dxe5 dxe5 6. Bg5 Bd6 7. Bc4 a6 8.
O-O O-O 9. a3 b5 10. Bb3 Bb7 11. Qd2 Nc5 12. Bd5 Bxd5 13. Qxd5 Ncd7 14. Qd2 Qc8
15. Rad1 Qb7 16. Rfe1 h6 17. Bxf6 Nxf6 18. Qe2 Rfe8 19. h3 Bc5 20. b4 Bb6 21.
Nd5 Nh5 22. Rd2 Ng3 23. Qd1 Ba7 24. Rd3 Rad8 25. Ne7+ Rxe7 26. Rxd8+ Kh7 27.
Rd7 Re6 28. Rxf7 Qb6 29. Qd2 Rd6 30. Qe3 Qb7 31. Qc3 Nxe4 32. Qxe5 Bxf2+ 33.
Kh1 Ng3+ 34. Kh2 Rg6 35. Rd1 Qe4 36. Qxe4 Nxe4 37. g4 Bg3+ 38. Kg2 Bd6 39. Nd4
h5 40. Rh1 Kg8 41. Rd7 Rf6 42. Rd8+ Kf7 43. Rf1 Ke7 44. Rxf6 gxf6 45. Nc6+ Ke6
46. gxh5 Ng5 47. h4 Nf7 48. Rg8 Nh6 49. Rg6 Nf7 50. h6 Bf4 51. h7 Bh6 52. Nd8+
1-0

[Event "Saint-Lô Open-1400 Pro Evolution Echecs"]
[Site "?"]
[Date "2014.07.12"]
[Round "11.1"]
[White "Cebron, Asja"]
[Black "Ben Fraj, Hamza"]
[Result "1/2-1/2"]
[WhiteElo "1379"]
[BlackElo "1180"]
[PlyCount "50"]
[SourceDate "2014.07.07"]

1. e4 d6 2. d4 Nf6 3. Nc3 Nbd7 4. Nf3 e5 5. Bc4 Be7 6. O-O O-O 7. Re1 c6 8. a4
Qc7 9. h3 b6 10. Bf1 Bb7 11. b3 Rfe8 12. Bb2 Rad8 13. Rc1 Bf8 14. dxe5 dxe5 15.
Qe2 a5 16. Rcd1 g6 17. g3 Bg7 18. Bg2 Nc5 19. Rxd8 Rxd8 20. Nd2 Re8 21. Nc4
Ncd7 22. Rd1 Nh5 23. Nd6 Rf8 24. Nxb7 Qxb7 25. Ba3 Re8 1/2-1/2

[Event "Saint-Lô Open-1400 Pro Evolution Echecs"]
[Site "?"]
[Date "2014.07.12"]
[Round "11.2"]
[White "Gallagher, Matthew"]
[Black "Pionnier, Axel"]
[Result "1-0"]
[WhiteElo "1357"]
[BlackElo "1270"]
[PlyCount "109"]
[SourceDate "2014.07.07"]

1. c4 e5 2. g3 Nf6 3. Nc3 Bb4 4. Bg2 Nc6 5. d3 d5 6. cxd5 Nxd5 7. Bd2 Nxc3 8.
Bxc3 Bxc3+ 9. bxc3 O-O 10. Rb1 Re8 11. Qa4 Qd6 12. Nf3 a6 13. Nd2 Bd7 14. Ne4
Qe6 15. Nc5 Qe7 16. Nxd7 Qxd7 17. Rxb7 Re6 18. O-O Qd6 19. Rfb1 h6 20. c4 Rf6
21. Bxc6 Qxc6 22. Qxc6 Rxc6 23. Rb8+ Rxb8 24. Rxb8+ Kh7 25. Kg2 Kg6 26. Kf3 Kf6
27. Ke4 g6 28. Kd5 Rd6+ 29. Kc5 Kg5 30. h3 Kf5 31. Rb7 Rd7 32. Kc6 Ke6 33. Rxc7
Rxc7+ 34. Kxc7 Ke7 35. Kb6 Kd6 36. c5+ Kd7 37. Kb7 h5 38. c6+ Ke6 39. c7 Kf6
40. c8=Q Kg7 41. Kxa6 Kh6 42. Kb5 Kh7 43. a4 Kh6 44. Qf8+ Kh7 45. Qxf7+ Kh6 46.
h4 e4 47. Qf4+ Kh7 48. Qxe4 Kh6 49. Qe7 g5 50. Qxg5+ Kh7 51. a5 Kh8 52. a6 Kh7
53. a7 Kh8 54. a8=Q+ Kh7 55. Qag8# 1-0

[Event "Saint-Lô Open-1400 Pro Evolution Echecs"]
[Site "?"]
[Date "2014.07.12"]
[Round "11.3"]
[White "Gherghinoiu, Lucas"]
[Black "Pontis, Stanislav"]
[Result "0-1"]
[WhiteElo "1230"]
[BlackElo "1099"]
[PlyCount "168"]
[SourceDate "2014.07.07"]

1. e4 c5 2. Nf3 d6 3. Nc3 Nc6 4. Bb5 Bd7 5. Bxc6 Bxc6 6. O-O Nf6 7. Re1 e6 8.
d4 Be7 9. a3 O-O 10. b4 cxb4 11. axb4 Qb6 12. Rb1 a6 13. Ba3 Rac8 14. Qd2 Bb5
15. e5 dxe5 16. Nxe5 Rfd8 17. Nxb5 Qxb5 18. c3 Qa4 19. Bb2 Qb3 20. Bc1 Qxc3 21.
Qxc3 Rxc3 22. Rd1 Rdc8 23. h3 Nd5 24. Nd3 R3c4 25. Nc5 Bxc5 26. dxc5 Rxb4 27.
Rxb4 Nxb4 28. Ba3 Nd5 29. Kf1 f5 30. Ke2 Nc3+ 31. Kd2 Nxd1 32. Kxd1 Rd8+ 33.
Kc2 Kf7 34. Kc3 Rc8 35. Kd4 Kf6 36. f4 Rd8+ 37. Kc4 Rd2 38. g4 Re2 39. Kd3 Re4
40. Bb2+ Kf7 41. Be5 Ra4 42. g5 h6 43. h4 hxg5 44. hxg5 g6 45. Bf6 Rxf4 46. Ke3
Rc4 47. Bd4 e5 48. Bxe5 Rxc5 49. Bd4 Rc8 50. Bb6 Ke6 51. Kd4 Rc6 52. Bc5 b6 53.
Bf8 Kf7 54. Ba3 a5 55. Kd5 Rc5+ 56. Bxc5 bxc5 57. Kxc5 a4 58. Kb4 Ke6 59. Kxa4
Ke5 60. Kb3 Kf4 61. Kc3 Kxg5 62. Kd3 f4 63. Ke2 Kf5 64. Kf2 g5 65. Kf3 g4+ 66.
Ke2 Ke4 67. Kf1 f3 68. Kf2 Kf4 69. Kf1 g3 70. Kg1 Ke3 71. Kf1 g2+ 72. Kg1 Ke2
73. Kh2 f2 74. Kxg2 f1=Q+ 75. Kg3 Qf3+ 76. Kh4 Qg2 77. Kh5 Qg3 78. Kh6 Qg4 79.
Kh7 Qg5 80. Kh8 Kf3 81. Kh7 Kf4 82. Kh8 Kf5 83. Kh7 Kf6 84. Kh8 Qg7# 0-1

[Event "Saint-Lô Open-1400 Pro Evolution Echecs"]
[Site "?"]
[Date "2014.07.12"]
[Round "11.4"]
[White "Debord, Nino"]
[Black "Guerlach, Elie"]
[Result "0-1"]
[WhiteElo "1190"]
[BlackElo "1070"]
[PlyCount "54"]
[SourceDate "2014.07.07"]

1. Nf3 d5 2. d4 Nc6 3. c4 Bg4 4. cxd5 Bxf3 5. exf3 Qxd5 6. Be3 O-O-O 7. Nc3 Qa5
8. Bc4 e6 9. O-O Bb4 10. Qd2 Bxc3 11. Qxc3 Qxc3 12. bxc3 Nge7 13. Bg5 f6 14.
Bxe6+ Kb8 15. Be3 Nd5 16. Bxd5 Rxd5 17. c4 Ra5 18. c5 Ra4 19. Rfd1 Rd8 20. d5
Nb4 21. d6 Nc2 22. Bf4 Rxf4 23. Rab1 Rb4 24. c6 Rb6 25. cxb7 Rdxd6 26. Rxd6
Rxb1+ 27. Rd1 Rxd1# 0-1

[Event "Saint-Lô Open-1400 Pro Evolution Echecs"]
[Site "?"]
[Date "2014.07.12"]
[Round "11.5"]
[White "Hofer, Jill"]
[Black "Cotte, Corentin"]
[Result "0-1"]
[WhiteElo "1387"]
[BlackElo "1300"]
[PlyCount "102"]
[SourceDate "2014.07.07"]

1. d4 d5 2. c4 c6 3. Nc3 Nf6 4. Nf3 Bf5 5. Bg5 e6 6. e3 Bb4 7. Qd2 Nbd7 8. a3
Ba5 9. b4 Bc7 10. c5 O-O 11. Be2 Re8 12. O-O e5 13. Rfe1 h6 14. Bxf6 Nxf6 15.
b5 Ba5 16. dxe5 Ne4 17. Qc2 Bxc3 18. Nd4 Bxa1 19. Rxa1 Bg6 20. Bd3 Rxe5 21.
bxc6 Qc7 22. cxb7 Qxb7 23. Rb1 Qc7 24. Nb5 Qxc5 25. Qxc5 Nxc5 26. Bxg6 fxg6 27.
Nc7 Rc8 28. Nb5 Nb3 29. g3 Rc1+ 30. Rxc1 Nxc1 31. Nxa7 Nb3 32. Kg2 Re7 33. Nc6
Rc7 34. Ne5 Kh7 35. h4 Ra7 36. g4 Rxa3 37. f4 d4 38. e4 Nc5 39. Nc4 Rc3 40. Ne5
Nxe4 41. f5 gxf5 42. gxf5 d3 43. Kf1 d2 44. Ke2 Rc1 45. f6 d1=Q+ 46. Ke3 gxf6
47. h5 fxe5 48. Kxe4 Qd4+ 49. Kf3 Rc3+ 50. Ke2 Qe3+ 51. Kd1 Rc1# 0-1

[Event "Saint-Lô Open-1400 Pro Evolution Echecs"]
[Site "?"]
[Date "2014.07.12"]
[Round "12.1"]
[White "Guerlach, Elie"]
[Black "Cebron, Asja"]
[Result "0-1"]
[WhiteElo "1070"]
[BlackElo "1379"]
[PlyCount "47"]
[SourceDate "2014.07.07"]

1. e4 c5 2. f4 d6 3. Nc3 Nf6 4. Nf3 Nc6 5. Bb5 Bd7 6. e5 dxe5 7. fxe5 Ng4 8. d4
cxd4 9. Nxd4 Ngxe5 10. O-O e6 11. Qh5 g6 12. Qe2 Bc5 13. Be3 Qb6 14. Na4 Nxd4
15. Nxb6 Nxe2+ 16. Bxe2 Bxe3+ 17. Kh1 Bxb6 18. Bf3 Nxf3 19. Rxf3 O-O 20. Rd3
Rad8 21. Rad1 Bc6 22. h3 Rxd3 23. Rxd3 Rd8 24. Rb3 {illisible} 0-1

[Event "Saint-Lô Open-1400 Pro Evolution Echecs"]
[Site "?"]
[Date "2014.07.12"]
[Round "12.2"]
[White "Ben Franj, Hamza"]
[Black "Pontis, Stanislav"]
[Result "0-1"]
[WhiteElo "1180"]
[BlackElo "1099"]
[PlyCount "62"]
[SourceDate "2014.07.07"]

1. e4 c5 2. Nf3 d6 3. Bc4 a6 4. Nc3 Nf6 5. d4 cxd4 6. Nxd4 e6 7. Be3 e5 8. Nf3
Be7 9. O-O O-O 10. Qd2 Bg4 11. Be2 Nc6 12. Rad1 Rc8 13. Rfe1 Qc7 14. a3 Rfd8
15. b4 Nxb4 16. axb4 Qxc3 17. Qxc3 Rxc3 18. Bd3 Bxf3 19. gxf3 d5 20. Bd2 Rcc8
21. Kg2 g6 22. Bh6 Bxb4 23. Re2 Bf8 24. Bg5 Bg7 25. Ree1 h6 26. Bh4 g5 27. Bg3
Nh5 28. exd5 Rc5 29. Be4 Nf4+ 30. Bxf4 exf4 31. d6 Rd7 0-1

[Event "Saint-Lô Open-1400 Pro Evolution Echecs"]
[Site "?"]
[Date "2014.07.12"]
[Round "12.3"]
[White "Cotte, Corentin"]
[Black "Gallagher, Matthew"]
[Result "0-1"]
[WhiteElo "1200"]
[BlackElo "1357"]
[PlyCount "94"]
[SourceDate "2014.07.07"]

1. e4 d6 2. Nf3 Nf6 3. Nc3 g6 4. Bc4 Bg7 5. d3 O-O 6. O-O c5 7. Be3 Nc6 8. Qd2
Bg4 9. Nh4 a6 10. Bh6 b5 11. Bd5 Rc8 12. Nf5 Bxf5 13. exf5 Nxd5 14. Nxd5 Bxb2
15. Rab1 Bg7 16. Rfe1 Re8 17. h4 Qd7 18. Qg5 Qxf5 19. Qxf5 gxf5 20. Bxg7 Kxg7
21. Re3 Kh8 22. Rbe1 e6 23. Nf6 Rf8 24. h5 Ne7 25. h6 Ng8 26. Nxg8 Rxg8 27. Rf3
Rg6 28. Rh3 Rcg8 29. g3 f4 30. Kh2 fxg3+ 31. fxg3 Rf6 32. Rd1 Rgg6 33. d4 c4
34. d5 e5 35. Kg2 Rxh6 36. Rxh6 Rxh6 37. Rf1 Kg7 38. Rg1 f5 39. Kf2 Rg6 40. Kf3
f4 41. g4 Kf6 42. Rh1 h6 43. c3 Kg5 44. Rh5+ Kf6 45. a3 Kg7 46. Ke4 Rg5 47. Rh3
Kg6 0-1

[Event "Saint-Lô Open-1400 Pro Evolution Echecs"]
[Site "?"]
[Date "2014.07.12"]
[Round "12.4"]
[White "Lamy, Robin"]
[Black "Oudoire, Gatien"]
[Result "0-1"]
[WhiteElo "1190"]
[BlackElo "1210"]
[PlyCount "60"]
[SourceDate "2014.07.07"]

1. e4 d6 2. Nf3 Nf6 3. Nc3 Nbd7 4. d4 e5 5. dxe5 dxe5 6. Bg5 Bd6 7. Bc4 h6 8.
Bh4 a6 9. Nd5 b5 10. Nxf6+ Nxf6 11. Bxf6 Qxf6 12. Bd5 Ra7 13. Bc6+ Ke7 14. O-O
Rd8 15. Qe2 Bg4 16. Qe3 Bxf3 17. gxf3 Qg5+ 18. Qxg5+ hxg5 19. a4 bxa4 20. c3 a5
21. c4 Ra6 22. Bb5 Rb6 23. Rac1 Bc5 24. Kg2 c6 25. Bxc6 Rxc6 26. Rfd1 Rxd1 27.
Rxd1 f6 28. Kg3 Rd6 29. Rd5 Bb6 30. Rb5 Kf7 0-1

[Event "Saint-Lô Open-1400 Pro Evolution Echecs"]
[Site "?"]
[Date "2014.07.12"]
[Round "12.5"]
[White "Viard, Matteo"]
[Black "Gherghinoiu, Lucas"]
[Result "0-1"]
[WhiteElo "1370"]
[BlackElo "1230"]
[PlyCount "122"]
[SourceDate "2014.07.07"]

1. e3 d6 2. d4 Nd7 3. c4 Ngf6 4. Nc3 e5 5. dxe5 Nxe5 6. Nf3 Ned7 7. Bd2 Be7 8.
Bc1 O-O 9. Qd3 Nc5 10. Qc2 c6 11. b3 Qc7 12. Bd3 Nxd3+ 13. Qxd3 Re8 14. Bb2 Be6
15. Qd4 c5 16. Qd3 a6 17. Ng5 Bd7 18. Nd5 Qa5+ 19. Bc3 Qxc3+ 20. Qxc3 Nxd5 21.
cxd5 Bxg5 22. O-O Bf6 23. Qc2 Bb5 24. Rfc1 Bxa1 25. Rxa1 Rac8 26. Rc1 Rc7 27.
b4 b6 28. a4 Bd7 29. Kf1 b5 30. a5 Rec8 31. Ke2 g6 32. Kd3 Re8 33. f3 f5 34.
Qc3 Kf7 35. Re1 Rcc8 36. e4 fxe4+ 37. fxe4 Re5 38. bxc5 Rxc5 39. Qb2 Ke7 40.
Rf1 Rc4 41. Qf2 Kd8 42. Qb6+ Ke7 43. Qxa6 Rexe4 44. Qb6 Bf5 45. Qxb5 Red4+ 46.
Ke2 Re4+ 47. Kf2 Rf4+ 48. Kg1 Rxf1+ 49. Kxf1 Bd3+ 50. Kf2 Rc2+ 51. Ke3 Bxb5 52.
Kd4 Rxg2 53. Kc3 Rxh2 54. Kb4 Bf1 55. a6 Rc2 56. a7 Ra2 57. a8=Q Rxa8 58. Kc3
Rf8 59. Kd4 h5 60. Ke4 h4 61. Kd4 Rf4+ 0-1

[Event "Saint-Lô Open-1400 Pro Evolution Echecs"]
[Site "?"]
[Date "2014.07.13"]
[Round "13.1"]
[White "Cebron, Asja"]
[Black "Pionnier, Axel"]
[Result "1-0"]
[WhiteElo "1379"]
[BlackElo "1270"]
[PlyCount "111"]
[EventDate "2014.07.17"]
[SourceDate "2014.07.07"]

1. e4 e5 2. Nf3 Nc6 3. d4 exd4 4. Bc4 Nf6 5. e5 d5 6. Bb5 Ne4 7. Nxd4 Bd7 8.
Bxc6 Bxc6 9. Nxc6 bxc6 10. Nd2 Nxd2 11. Bxd2 Bc5 12. O-O O-O 13. Qg4 Qc8 14.
Qxc8 Raxc8 15. Rfe1 Rfe8 16. Rad1 Rb8 17. b3 h6 18. h3 Re6 19. Bf4 Rbe8 20. Rf1
R8e7 21. Bg3 Re8 22. c3 a5 23. Kh1 Bb6 24. f4 f6 25. f5 R6e7 26. exf6 gxf6 27.
Rde1 Rxe1 28. Rxe1 Rxe1+ 29. Bxe1 Kf7 30. Bd2 h5 31. Kh2 Bf2 32. Bf4 Bb6 33.
Kg3 Ke7 34. Kh4 Kd8 35. Kxh5 Bc5 36. Kg6 Ke7 37. Bxc7 Bf2 38. Bxa5 c5 39. Bb6
Be3 40. h4 d4 41. Bxc5+ Ke8 42. Bxd4 Bxd4 43. cxd4 Ke7 44. h5 Kd6 45. Kxf6 Kd5
46. Ke7 Ke4 47. f6 Kd3 48. f7 Ke4 49. f8=Q Kd3 50. h6 Kc3 51. h7 Kb2 52. h8=Q
Kc2 53. Qf2+ Kc3 54. d5+ Kb4 55. Qhd4+ Ka3 56. Qfb2# 1-0

[Event "Saint-Lô Open-1400 Pro Evolution Echecs"]
[Site "?"]
[Date "2014.07.13"]
[Round "13.2"]
[White "Gallagher, Matthew"]
[Black "Hunter, Xenia"]
[Result "0-1"]
[WhiteElo "1357"]
[BlackElo "1253"]
[PlyCount "38"]
[EventDate "2014.07.17"]
[SourceDate "2014.07.07"]

1. c4 c5 2. g3 e6 3. Nc3 Nf6 4. Bg2 d5 5. cxd5 exd5 6. d4 Nc6 7. dxc5 Be6 8.
Bg5 Bxc5 9. Nxd5 Bxd5 10. Bxf6 Qxf6 11. Bxd5 Qxf2+ 12. Kd2 Be3+ 13. Kc2 Qf5+
14. Kc3 Rc8 15. Bxc6+ Rxc6+ 16. Kb4 Qc5+ 17. Ka4 Qc4+ 18. Ka3 Ra6+ 19. Qa4+
Qxa4# 0-1

[Event "Saint-Lô Open-1400 Pro Evolution Echecs"]
[Site "?"]
[Date "2014.07.13"]
[Round "13.3"]
[White "Pontis, Stanislav"]
[Black "Guerlach, Elie"]
[Result "1-0"]
[WhiteElo "1099"]
[BlackElo "1070"]
[PlyCount "127"]
[EventDate "2014.07.17"]
[SourceDate "2014.07.07"]

1. c4 e5 2. g3 c6 3. Bg2 d5 4. Qc2 Be6 5. d3 Nf6 6. Bg5 h6 7. Bd2 Nbd7 8. Nf3
d4 9. e3 c5 10. O-O Bd6 11. exd4 cxd4 12. Re1 O-O 13. Bc1 Rc8 14. Nbd2 b5 15.
b3 Bc5 16. Nxe5 Nxe5 17. Rxe5 Qd6 18. Nf3 Bb4 19. Rxb5 Bd5 20. Bf4 Qe7 21. Nxd4
Bxg2 22. Kxg2 Bc5 23. Nf3 Nh5 24. Re1 Nxf4+ 25. gxf4 Qd7 26. Ne5 Qf5 27. Qd2 f6
28. d4 Rcd8 29. Rxc5 fxe5 30. Rexe5 Qg4+ 31. Kf1 Rxf4 32. Qe3 Rdf8 33. h3 Rxf2+
34. Qxf2 Rxf2+ 35. Kxf2 Qxd4+ 36. Kf3 Qd1+ 37. Ke4 Qb1+ 38. Kd5 Qxa2 39. Rb5 a5
40. Re7 Qg2+ 41. Kd6 Qxh3 42. Rbb7 Qg3+ 43. Kc5 Qg5+ 44. Kb6 Qf6+ 45. Ka7 Qd4+
46. Ka6 Qd6+ 47. Kxa5 Qa3+ 48. Kb6 Qxb3+ 49. Ka7 Qa4+ 50. Kb8 Qa1 51. Rxg7+
Qxg7 52. Rxg7+ Kxg7 53. c5 h5 54. c6 h4 55. c7 h3 56. c8=Q h2 57. Qh3 h1=Q 58.
Qxh1 Kf6 59. Qd5 Ke7 60. Qc6 Kd8 61. Qc7+ Ke8 62. Kb7 Kf8 63. Qd7 Kg8 64. Qe7
1-0

[Event "Saint-Lô Open-1400 Pro Evolution Echecs"]
[Site "?"]
[Date "2014.07.13"]
[Round "13.5"]
[White "Hofer, Jill"]
[Black "Gherghinoiu, Lucas"]
[Result "1/2-1/2"]
[WhiteElo "1387"]
[BlackElo "1230"]
[PlyCount "73"]
[EventDate "2014.07.17"]
[SourceDate "2014.07.07"]

1. d4 d6 2. c4 Nf6 3. Nf3 Nbd7 4. Nc3 e5 5. d5 Be7 6. Bg5 O-O 7. e4 c6 8. Be2
Qc7 9. O-O b6 10. b3 Bb7 11. Re1 Nc5 12. Bd3 h6 13. Bh4 Rfe8 14. Bc2 Ncd7 15.
h3 Nf8 16. b4 Ng6 17. b5 c5 18. a4 a6 19. Rb1 Nh5 20. Bxe7 Qxe7 21. Qd2 Nhf4
22. Ne2 Nxe2+ 23. Qxe2 axb5 24. axb5 Ra2 25. Ra1 Raa8 26. Bb3 Rxa1 27. Rxa1 Ra8
28. Rxa8+ Bxa8 29. Qa2 Qb7 30. Bc2 Qb8 31. Qa6 Nf4 32. Nh4 g6 33. Kh2 Kg7 34.
g3 Ne2 35. Bd1 Nd4 36. Nf3 Nxf3+ 37. Bxf3 1/2-1/2

[Event "Saint-Lô Open-1400 Pro Evolution Echecs"]
[Site "?"]
[Date "2014.07.13"]
[Round "13.6"]
[White "Beaurain, Yanis"]
[Black "Lacatus, Gabriel"]
[Result "0-1"]
[WhiteElo "1220"]
[BlackElo "1340"]
[PlyCount "112"]
[EventDate "2014.07.17"]
[SourceDate "2014.07.07"]

1. e4 d6 2. Nf3 Nd7 3. Nc3 Ngf6 4. Bc4 h6 5. O-O e5 6. d4 Be7 7. dxe5 dxe5 8.
Qe2 O-O 9. Nd5 Nxd5 10. exd5 Bf6 11. b3 e4 12. Rb1 exf3 13. Qxf3 Ne5 14. Qe4 a6
15. Bd3 Nxd3 16. Qxd3 c6 17. c4 cxd5 18. cxd5 Bd7 19. Ba3 Re8 20. Rbe1 Bb5 21.
Rxe8+ Qxe8 22. Qb1 Bxf1 23. Qxf1 Qe5 24. d6 Qa1 25. Bc1 Bg5 26. Ba3 Qxf1+ 27.
Kxf1 Rd8 28. Bc5 b6 29. Ba3 Bf4 30. Ke2 Bxd6 31. Bb2 Re8+ 32. Kd3 Bxh2 33. a4
Bg1 34. f3 Re3+ 35. Kd2 Rxb3 36. Be5 Rb4 37. a5 bxa5 38. Bc3 Rb5 39. Kd3 Rb3
40. Kc4 Rb5 41. g4 Rc5+ 42. Kd3 a4 43. Bb4 Rb5 44. Kc4 Re5 45. f4 Re4+ 46. Kc3
Rxf4 47. Bd6 Rxg4 48. Kb2 f5 49. Bb4 Rxb4+ 50. Ka3 Bc5 51. Ka2 f4 52. Ka3 f3
53. Ka2 f2 54. Ka1 f1=Q+ 55. Ka2 Qb1+ 56. Ka3 Qb3# 0-1

[Event "Saint-Lô Open-1400 Pro Evolution Echecs"]
[Site "?"]
[Date "2014.07.13"]
[Round "13.7"]
[White "Clatot, Eliott"]
[Black "Cotte, Corentin"]
[Result "0-1"]
[WhiteElo "1240"]
[BlackElo "1300"]
[PlyCount "32"]
[EventDate "2014.07.17"]
[SourceDate "2014.07.07"]

1. e4 e5 2. Bc4 Nf6 3. d3 Bc5 4. Nf3 d6 5. O-O O-O 6. Qd2 Bg4 7. Qe2 Nc6 8. Nc3
Nd4 9. Qd1 Nxf3+ 10. gxf3 Bh3 11. Re1 Nh5 12. Ne2 Qf6 13. Ng3 Qg6 14. c3 Nxg3
15. hxg3 Qxg3+ 16. Kh1 Qg2# 0-1